000 01396nam a22003374a 4500
001 ebr10040753
003 CaPaEBR
006 m u
007 cr cn|||||||||
008 020311s2002 ctu sb 001 0 eng
010 _z 2002025312
020 _z0275976718
040 _aCaPaEBR
_cCaPaEBR
035 _a(OCoLC)53438681
050 1 4 _aHQ1735.6
_b.E46 2002eb
082 0 4 _a305.4/09581/0904
_221
100 1 _aEmadi, Hafizullah.
245 1 0 _aRepression, resistance, and women in Afghanistan
_h[electronic resource] /
_cHafizullah Emadi.
260 _aWestport, Conn. :
_bPraeger,
_c2002.
300 _axxi, 183 p., [6] p. of plates.
504 _aIncludes bibliographical references (p. [163]-174) and index.
533 _aElectronic reproduction.
_bPalo Alto, Calif. :
_cebrary,
_d2013.
_nAvailable via World Wide Web.
_nAccess may be limited to ebrary affiliated libraries.
650 0 _aWomen
_zAfghanistan
_xHistory
_y20th century.
650 0 _aWomen in development
_zAfghanistan
_xHistory
_y20th century.
650 0 _aWomen
_zAfghanistan
_xPolitical activity
_xHistory
_y20th century.
650 0 _aPatriarchy
_zAfghanistan.
650 0 _aWomen in Islam
_zAfghanistan.
655 7 _aElectronic books.
_2local
710 2 _aebrary, Inc.
856 4 0 _uhttp://site.ebrary.com/lib/rucke/Doc?id=10040753
_zAn electronic book accessible through the World Wide Web; click to view
999 _c60564
_d60564